Mixed Word: Toys of the '80s Quiz Stats

Quiz Updated Oct 12, 2016

Challenge
Share
Tweet
Embed
Score 0/20 Timer 04:00
3 Plays Today
Mixed Word % Correct
YM DYBDUMy Buddy
96.5%
PISK TISkip It
91.9%
GOOP LABLPogo Ball
91.6%
EGMA OYBGame Boy
91.2%
OLYPL TEPKOCPolly Pocket
88.6%
SIRBUK BUCERubik's Cube
87.5%
RACE RABSECare Bears
83.8%
BACABEG CHAPT SIKDCabbage Patch Kids
83.1%
BAREGAG LIPA DISKGarbage Pail Kids
76.5%
MINOSSimon
73.2%
Mixed Word % Correct
SHOOK LALBKoosh ball
70.8%
ONDUP SPIPEUPPound Puppies
66.3%
LEPPOPSPopples
58.6%
DYETD IPXNURTeddy Ruxpin
58%
CIROM SAMNICHEMicro Machines
56.2%
CUMLESM.U.S.C.L.E.
46.2%
STEAMRS FO HET SUNRIEVEMasters of the Universe
45.4%
RAFMSNORRTESTransformers
26.2%
MOWGROLGloworm
25.3%
MOONTIBOmnibot
2.5%

You're not logged in!

Compare scores with friends on all Sporcle quizzes.
Sign Up with Email
OR
Log In

You Might Also Like...

Show Comments

Extras

Top Quizzes Today


Score Distribution

Your Account Isn't Verified!

In order to create a playlist on Sporcle, you need to verify the email address you used during registration. Go to your Sporcle Settings to finish the process.